<?xml version="1.0" encoding="UTF-8"?><?xml-stylesheet type="text/xsl" href="static/style.xsl"?><OAI-PMH xmlns="http://www.openarchives.org/OAI/2.0/" xmlns:xsi="http://www.w3.org/2001/XMLSchema-instance" xsi:schemaLocation="http://www.openarchives.org/OAI/2.0/ http://www.openarchives.org/OAI/2.0/OAI-PMH.xsd"><responseDate>2026-04-14T05:02:03Z</responseDate><request verb="GetRecord" identifier="oai:www.recercat.cat:2072/456387" metadataPrefix="marc">https://recercat.cat/oai/request</request><GetRecord><record><header><identifier>oai:recercat.cat:2072/456387</identifier><datestamp>2026-03-26T04:03:37Z</datestamp><setSpec>com_2072_98</setSpec><setSpec>col_2072_378192</setSpec></header><metadata><record xmlns="http://www.loc.gov/MARC21/slim" xmlns:dcterms="http://purl.org/dc/terms/" xmlns:xsi="http://www.w3.org/2001/XMLSchema-instance" xmlns:doc="http://www.lyncode.com/xoai" xsi:schemaLocation="http://www.loc.gov/MARC21/slim http://www.loc.gov/standards/marcxml/schema/MARC21slim.xsd">
   <leader>00925njm 22002777a 4500</leader>
   <datafield ind2=" " ind1=" " tag="042">
      <subfield code="a">dc</subfield>
   </datafield>
   <datafield ind2=" " ind1=" " tag="720">
      <subfield code="a">Reyes-Cárdenas, Flor</subfield>
      <subfield code="e">author</subfield>
   </datafield>
   <datafield ind2=" " ind1=" " tag="720">
      <subfield code="a">Ruiz-Herrera, Brenda</subfield>
      <subfield code="e">author</subfield>
   </datafield>
   <datafield ind2=" " ind1=" " tag="720">
      <subfield code="a">Llano Lomas, Mercedes</subfield>
      <subfield code="e">author</subfield>
   </datafield>
   <datafield ind2=" " ind1=" " tag="720">
      <subfield code="a">Lechuga Uribe, Patricia</subfield>
      <subfield code="e">author</subfield>
   </datafield>
   <datafield ind2=" " ind1=" " tag="720">
      <subfield code="a">Mena Zepeda, Margarita</subfield>
      <subfield code="e">author</subfield>
   </datafield>
   <datafield ind2=" " ind1=" " tag="260">
      <subfield code="c">2021</subfield>
   </datafield>
   <datafield ind2=" " ind1=" " tag="520">
      <subfield code="a">El objetivo de este trabajo de investigación es documentar, caracterizar y analizar los modelos desarrollados por los estudiantes del primer año de licenciatura, al implementar el protocolo experimental «Reacción Química». Este estudio cualitativo muestra que, con la guía adecuada, los estudiantes son capaces de generar modelos de los conceptos implicados en los tres niveles de representación: simbólico, microscópico y macroscópico. Los resultados muestran que el uso de modelos pone en evidencia el nivel de comprensión sobre los conceptos involucrados en el trabajo experimental. Recomendamos la incorporación progresiva de modelos principalmente porque, en la licenciatura, los estudiantes deben integrar un gran número de conceptos y transitar simultáneamente entre los tres niveles de representación.</subfield>
   </datafield>
   <datafield ind2=" " ind1=" " tag="520">
      <subfield code="a">The aim of this research is to characterize and analyze the models developed by freshmen students, upon implementation of the experimental design «Chemical Reaction». This qualitative study shows that, with appropriate guidance, students are capable of generating models of the implied concepts in the three levels of representation: symbolic, microscopic, and macroscopic. The results show that the use of models show the level of comprehension regarding the concepts involved in the experimental work. We recommend the progressive incorporation of models because undergraduate students must consolidate a large number of concepts and transit simultaneously in between the three representational levels in chemistry.</subfield>
   </datafield>
   <datafield tag="653" ind2=" " ind1=" ">
      <subfield code="a">Enseñanza experimental</subfield>
   </datafield>
   <datafield tag="653" ind2=" " ind1=" ">
      <subfield code="a">Modelos</subfield>
   </datafield>
   <datafield tag="653" ind2=" " ind1=" ">
      <subfield code="a">Reacción química</subfield>
   </datafield>
   <datafield tag="653" ind2=" " ind1=" ">
      <subfield code="a">Niveles de representación en química</subfield>
   </datafield>
   <datafield tag="653" ind2=" " ind1=" ">
      <subfield code="a">Experimental learning</subfield>
   </datafield>
   <datafield tag="653" ind2=" " ind1=" ">
      <subfield code="a">Models</subfield>
   </datafield>
   <datafield tag="653" ind2=" " ind1=" ">
      <subfield code="a">Chemical reaction</subfield>
   </datafield>
   <datafield tag="653" ind2=" " ind1=" ">
      <subfield code="a">Levels of chemical representation</subfield>
   </datafield>
   <datafield ind2="0" ind1="0" tag="245">
      <subfield code="a">El aprendizaje de la reacción química : el uso de modelos en el laboratorio</subfield>
   </datafield>
</record></metadata></record></GetRecord></OAI-PMH>